[Event "Bundesliga 1415"]
[Site "Germany"]
[Date "2014.10.18"]
[Round "1.1"]
[White "Cuenca Jimenez, Jose Fernando"]
[Black "Bluebaum, Matthias"]
[Result "0-1"]
[WhiteElo "2476"]
[BlackElo "2530"]
[PlyCount "148"]
[EventDate "2014.10.18"]
[EventType "team-tourn"]
[EventRounds "15"]
[EventCountry "GER"]
[SourceTitle "CBM 163"]
[Source "ChessBase"]
[SourceDate "2014.11.11"]
[SourceVersion "1"]
[SourceVersionDate "2014.11.11"]
[SourceQuality "1"]
[WhiteTeam "Hamburger SK"]
[BlackTeam "Werder Bremen"]
[WhiteTeamCountry "GER"]
[BlackTeamCountry "GER"]

1. e4 e6 2. d4 d5 3. Nc3 Nf6 4. Bg5 dxe4 5. Nxe4 Be7 6. Bxf6 Bxf6 7. Nf3 Nd7 8.
Bd3 c5 9. Qd2 cxd4 10. Qb4 Be7 11. Qxd4 Qa5+ 12. c3 O-O 13. O-O Rd8 14. Qe3 Ne5
15. Nxe5 Qxe5 16. Rad1 Bd7 17. Qe2 Ba4 18. Bc2 Bb5 19. c4 Bc6 20. Nc3 Bf6 21.
Qxe5 Bxe5 22. Rxd8+ Rxd8 23. Rd1 Rc8 24. Rd3 g6 25. Bd1 a6 26. a4 Kf8 27. b3
Ke7 28. Bf3 Bxf3 29. Rxf3 Rd8 30. Kf1 Rd2 31. Ne4 Rd1+ 32. Ke2 Rg1 33. g3 Bd4
34. Nd2 Rg2 35. h4 Rg1 36. Rd3 Bc5 37. Ne4 Bb4 38. Rd1 Rxd1 39. Kxd1 f5 40. Ng5
h6 41. Nf3 Kd6 42. Ke2 e5 43. h5 gxh5 44. Nh4 Ke6 45. Ng2 Be7 46. f4 Bd6 47.
fxe5 Bxe5 48. Kf3 a5 49. Ne3 Bf6 50. Nd5 h4 51. gxh4 Bxh4 52. b4 Be1 53. Nf4+
Kd6 54. c5+ Kc6 55. bxa5 Bxa5 56. Ne6 Kd5 57. Ng7 f4 58. Kxf4 Kxc5 59. Ke4 Bd2
60. Nf5 Bg5 61. Kd3 b6 62. Kc3 Kd5 63. Kd3 h5 64. Ke2 Ke5 65. Ng7 h4 66. Kf3
Bf6 67. Ne8 Bd8 68. Kg4 Kd5 69. Ng7 Bf6 70. Ne8 Be5 71. Kxh4 Ke6 72. Kg5 Kd7
73. Kg6 Kxe8 74. Kf5 Bc3 0-1

[Event "Bundesliga 1415"]
[Site "Germany"]
[Date "2014.10.19"]
[Round "2.2"]
[White "Pruijssers, Roeland"]
[Black "Cuenca Jimenez, Jose Fernando"]
[Result "0-1"]
[WhiteElo "2511"]
[BlackElo "2476"]
[PlyCount "50"]
[EventDate "2014.10.18"]
[EventType "team-tourn"]
[EventRounds "15"]
[EventCountry "GER"]
[SourceTitle "CBM 163"]
[Source "ChessBase"]
[SourceDate "2014.11.11"]
[SourceVersion "1"]
[SourceVersionDate "2014.11.11"]
[SourceQuality "1"]
[WhiteTeam "Emsdetten Turm"]
[BlackTeam "Hamburger SK"]
[WhiteTeamCountry "GER"]
[BlackTeamCountry "GER"]

1. e4 e5 2. Nf3 Nc6 3. Bc4 Bc5 4. c3 Nf6 5. d3 a6 6. Bb3 Ba7 7. O-O d6 8. h3 h6
9. Nbd2 g5 10. Nh2 g4 11. hxg4 Rg8 12. Nc4 Bxg4 13. Nf3 Qd7 14. Ne3 O-O-O 15.
Nxg4 Rxg4 16. Ne1 Nh5 17. Be3 Rdg8 18. Qf3 Nf4 19. Bxf4 exf4 20. d4 Bxd4 21.
Ba4 b5 22. e5 Rg3 23. Qh5 Rh3 24. Qd1 f3 25. cxd4 Qg4 0-1

[Event "Bundesliga 1415"]
[Site "Germany"]
[Date "2014.11.08"]
[Round "3.6"]
[White "Cuenca Jimenez, Jose Fernando"]
[Black "Meister, Peter"]
[Result "1-0"]
[WhiteElo "2476"]
[BlackElo "2411"]
[PlyCount "65"]
[EventDate "2014.10.18"]
[EventType "team-tourn"]
[EventRounds "15"]
[EventCountry "GER"]
[SourceTitle "EXT 2015"]
[Source "ChessBase"]
[SourceDate "2014.11.20"]
[SourceVersion "1"]
[SourceVersionDate "2014.11.20"]
[SourceQuality "1"]
[WhiteTeam "Hamburger SK"]
[BlackTeam "Bayern Muenchen"]
[WhiteTeamCountry "GER"]
[BlackTeamCountry "GER"]

1. Nf3 d5 2. d4 Bf5 3. c4 e6 4. Nc3 c6 5. Qb3 Qb6 6. c5 Qxb3 7. axb3 Nd7 8. b4
a6 9. b5 cxb5 10. Nxb5 Rc8 11. Nc3 Ne7 12. Nh4 Bc2 13. Kd2 Bg6 14. Nxg6 hxg6
15. e3 Nc6 16. Ra4 Bxc5 17. dxc5 Nxc5 18. Rg4 f5 19. Rg3 b5 20. Bd3 b4 21. Na2
Ne5 22. Bb1 Kf7 23. f3 d4 24. exd4 Nb3+ 25. Ke2 Nxd4+ 26. Kf2 a5 27. h3 Nec6
28. f4 e5 29. fxe5 Nxe5 30. Rd1 Nec6 31. Rgd3 Rhd8 32. Bg5 Rd6 33. Nc1 1-0

[Event "Bundesliga 1415"]
[Site "Germany"]
[Date "2014.11.07"]
[Round "7.5"]
[White "Gruenberg, Hans Ulrich"]
[Black "Cuenca Jimenez, Jose Fernando"]
[Result "0-1"]
[WhiteElo "2377"]
[BlackElo "2476"]
[PlyCount "46"]
[EventDate "2014.10.18"]
[EventType "team-tourn"]
[EventRounds "15"]
[EventCountry "GER"]
[SourceTitle "EXT 2015"]
[Source "ChessBase"]
[SourceDate "2014.11.20"]
[SourceVersion "1"]
[SourceVersionDate "2014.11.20"]
[SourceQuality "1"]
[WhiteTeam "Rostock"]
[BlackTeam "Hamburger SK"]
[WhiteTeamCountry "GER"]
[BlackTeamCountry "GER"]

1. d4 Nf6 2. c4 g6 3. Nc3 Bg7 4. e4 d6 5. Nf3 O-O 6. Be2 e5 7. Be3 Ng4 8. Bg5
f6 9. Bh4 g5 10. Bg3 Nh6 11. dxe5 dxe5 12. O-O g4 13. Nh4 Nc6 14. c5 Be6 15.
Qa4 Qd4 16. Qb5 a6 17. Qxb7 Qxc5 18. Na4 Qd6 19. Rfc1 Nd4 20. Bf1 Rfc8 21. Kh1
Nf7 22. Rc5 Nd8 23. Qb4 Nc2 0-1

[Event "Bundesliga 1415"]
[Site "Germany"]
[Date "2015.02.21"]
[Round "10.5"]
[White "Saltaev, Mihail"]
[Black "Cuenca Jimenez, Jose Fernando"]
[Result "1/2-1/2"]
[WhiteElo "2476"]
[BlackElo "2476"]
[PlyCount "92"]
[EventDate "2014.10.18"]
[EventType "team-tourn"]
[EventRounds "15"]
[EventCountry "GER"]
[SourceTitle "CBM 165"]
[Source "ChessBase"]
[SourceDate "2015.03.11"]
[SourceVersion "1"]
[SourceVersionDate "2015.03.11"]
[SourceQuality "1"]
[WhiteTeam "Muelheim Nord"]
[BlackTeam "Hamburger SK"]
[WhiteTeamCountry "GER"]
[BlackTeamCountry "GER"]

1. e4 e5 2. Nf3 Nc6 3. Bc4 Bc5 4. d3 Nf6 5. O-O O-O 6. c3 d6 7. Nbd2 Kh8 8. b4
Bb6 9. Bb3 Ng8 10. Nc4 f5 11. Ng5 Qe8 12. a4 h6 13. a5 Bxa5 14. Nxa5 hxg5 15.
Nxc6 bxc6 16. Bxg5 f4 17. f3 Qh5 18. Bxg8 Qxg5 19. Bc4 Rf6 20. Qd2 Qh5 21. Rf2
Rh6 22. h3 Qg5 23. Kf1 Qg3 24. Ke2 Rg6 25. Kd1 Bb7 26. Ra5 Qh2 27. Kc2 Qg1 28.
Kb2 d5 29. Bb3 Rd6 30. Re2 Re8 31. Qe1 Qxe1 32. Rxe1 a6 33. Kc2 Kh7 34. Re2 Kg6
35. Rc5 Re7 36. d4 exd4 37. e5 dxc3 38. Kd3 Rd8 39. Kd4 Ra8 40. Kxc3 Rb8 41.
Ba4 Re6 42. Bc2+ Kg5 43. Bd3 g6 44. Ra5 Bc8 45. Ra4 Rb6 46. Kd4 Re8 1/2-1/2

[Event "Bundesliga 1415"]
[Site "Germany"]
[Date "2015.02.22"]
[Round "11.5"]
[White "Andersen, Mads"]
[Black "Cuenca Jimenez, Jose Fernando"]
[Result "0-1"]
[WhiteElo "2485"]
[BlackElo "2476"]
[PlyCount "90"]
[EventDate "2014.10.18"]
[EventType "team-tourn"]
[EventRounds "15"]
[EventCountry "GER"]
[SourceTitle "CBM 165"]
[Source "ChessBase"]
[SourceDate "2015.03.11"]
[SourceVersion "1"]
[SourceVersionDate "2015.03.11"]
[SourceQuality "1"]
[WhiteTeam "Solingen"]
[BlackTeam "Hamburger SK"]
[WhiteTeamCountry "GER"]
[BlackTeamCountry "GER"]

1. Nf3 Nf6 2. g3 g6 3. Bg2 Bg7 4. c4 O-O 5. d4 d6 6. Nc3 Nc6 7. O-O a6 8. Qd3
e5 9. dxe5 dxe5 10. Qxd8 Rxd8 11. Bg5 Re8 12. Nd2 Nd4 13. e3 Ne6 14. Bxf6 Bxf6
15. b4 Bd8 16. c5 f5 17. Bd5 e4 18. Rac1 Kg7 19. Rfd1 Bf6 20. Nc4 Ng5 21. Ne2
Nf3+ 22. Kg2 Ne5 23. Nf4 Nxc4 24. Bxc4 Be5 25. h4 a5 26. b5 a4 27. Rd2 a3 28.
Rcd1 Ra4 29. Bb3 Rb4 30. Nd5 Rxb3 31. axb3 Be6 32. Ra2 Ra8 33. b6 cxb6 34. Nxb6
Bxb3 35. Rd7+ Kh6 36. Nxa8 Bxa2 37. Rxb7 Be6 38. Nc7 Bc4 39. Ne8 a2 40. Ra7
a1=Q 41. Rxa1 Bxa1 42. c6 Be5 43. c7 Ba6 44. f3 exf3+ 45. Kxf3 Bb7+ 0-1

[Event "Bundesliga 1415"]
[Site "Germany"]
[Date "2015.03.14"]
[Round "12.5"]
[White "Cuenca Jimenez, Jose Fernando"]
[Black "Wagner, Dennis"]
[Result "1-0"]
[WhiteElo "2476"]
[BlackElo "2501"]
[PlyCount "87"]
[EventDate "2014.10.18"]
[EventType "team-tourn"]
[EventRounds "15"]
[EventCountry "GER"]
[SourceTitle "CBM 166"]
[Source "ChessBase"]
[SourceDate "2015.05.11"]
[SourceVersion "1"]
[SourceVersionDate "2015.05.11"]
[SourceQuality "1"]
[WhiteTeam "Hamburger SK"]
[BlackTeam "Hockenheim"]
[WhiteTeamCountry "GER"]
[BlackTeamCountry "GER"]

1. e4 e5 2. Nf3 Nc6 3. Bb5 Nf6 4. O-O Nxe4 5. Qe2 Nd6 6. Bxc6 dxc6 7. Qxe5+ Qe7
8. Qa5 Qd8 9. Qc3 Nf5 10. Re1+ Be6 11. Qb3 Bd6 12. Qxb7 O-O 13. Nc3 Nh4 14.
Qxc6 Bd7 15. Qd5 Re8 16. Re3 Qf6 17. Nxh4 Qxh4 18. g3 Qh3 19. d3 Be6 20. Qg2
Qh5 21. Bd2 Rab8 22. b3 Bc5 23. Re4 Bh3 24. Rxe8+ Rxe8 25. Qc6 Qe5 26. Qe4 Bd4
27. Re1 Bxc3 28. Bxc3 Qxe4 29. dxe4 Rd8 30. f3 h5 31. Kf2 Be6 32. Ba5 Rd6 33.
a4 c5 34. Bc3 Kf8 35. Ke3 g6 36. h4 Ke7 37. Kf4 Bd7 38. g4 Be8 39. gxh5 gxh5
40. Rg1 Rg6 41. Rg5 Kd6 42. Rxh5 Rg2 43. Rd5+ Kc6 44. Rd2 1-0

[Event "Bundesliga 1415"]
[Site "Germany"]
[Date "2015.03.15"]
[Round "13.5"]
[White "Parligras, Mircea Emilian"]
[Black "Cuenca Jimenez, Jose Fernando"]
[Result "1-0"]
[WhiteElo "2589"]
[BlackElo "2476"]
[PlyCount "95"]
[EventDate "2014.10.18"]
[EventType "team-tourn"]
[EventRounds "15"]
[EventCountry "GER"]
[SourceTitle "CBM 166"]
[Source "ChessBase"]
[SourceDate "2015.05.11"]
[SourceVersion "1"]
[SourceVersionDate "2015.05.11"]
[SourceQuality "1"]
[WhiteTeam "Trier"]
[BlackTeam "Hamburger SK"]
[WhiteTeamCountry "GER"]
[BlackTeamCountry "GER"]

1. d4 Nf6 2. c4 g6 3. Nc3 Bg7 4. e4 d6 5. Nf3 O-O 6. Be2 e5 7. d5 a5 8. Bg5 h6
9. Bh4 Na6 10. Nd2 Bd7 11. O-O Qe8 12. b3 Nh7 13. a3 h5 14. f3 Bh6 15. Rb1 Be3+
16. Kh1 Bc5 17. Qc1 f5 18. exf5 gxf5 19. f4 e4 20. Re1 Be3 21. g3 Bf2 22. Rd1
Be3 23. b4 axb4 24. axb4 Qg6 25. Qc2 Nf6 26. Nf1 Bb6 27. Re1 Rae8 28. Nd1 e3
29. Bf3 Ng4 30. Kg2 Qg7 31. Re2 Bd4 32. h3 Kh8 33. Kg1 b5 34. cxb5 Bxb5 35.
hxg4 fxg4 36. Bg2 Qh7 37. Qxh7+ Kxh7 38. Rxe3 Bxf1 39. Bxf1 Rxe3 40. Nxe3 Bxe3+
41. Kg2 Nb8 42. Re1 Bd2 43. Re7+ Kg8 44. Rxc7 Bxb4 45. Rb7 Bc5 46. Bd3 Re8 47.
f5 Bd4 48. Be7 1-0

[Event "DEN-chT 1415 53rd"]
[Site "Denmark"]
[Date "2014.10.25"]
[Round "1.1"]
[White "Aabling Thomsen, Jakob"]
[Black "Cuenca Jimenez, Jose Fernando"]
[Result "1/2-1/2"]
[WhiteElo "2316"]
[BlackElo "2476"]
[PlyCount "118"]
[EventDate "2014.10.25"]
[EventType "team-tourn"]
[EventRounds "9"]
[EventCountry "DEN"]
[SourceTitle "EXT 2016"]
[Source "ChessBase"]
[SourceDate "2015.10.08"]
[SourceVersion "1"]
[SourceVersionDate "2015.10.08"]
[SourceQuality "1"]
[WhiteTeam "Bronshoj"]
[BlackTeam "Aarhus/Skolerne"]
[WhiteTeamCountry "DEN"]
[BlackTeamCountry "DEN"]

1. d4 Nf6 2. Nf3 g6 3. Nbd2 Bg7 4. e4 d6 5. Bd3 O-O 6. O-O c5 7. dxc5 dxc5 8.
h3 Nc6 9. Re1 Qc7 10. c3 Nh5 11. Nc4 Rd8 12. Qc2 Nf4 13. Bf1 h6 14. a4 Be6 15.
Be3 b6 16. Rad1 g5 17. Qc1 Ng6 18. g3 a6 19. Rxd8+ Rxd8 20. Rd1 Rb8 21. Kh2 g4
22. hxg4 Bxg4 23. Kg2 b5 24. axb5 axb5 25. Ncd2 Nd8 26. Be2 h5 27. Rh1 h4 28.
Nf1 Qc6 29. N1h2 h3+ 30. Kf1 Bc8 31. Nd2 b4 32. Ng4 bxc3 33. bxc3 Ba6 34. Rxh3
Bxe2+ 35. Kxe2 Qa6+ 36. Kf3 Qc8 37. Nh6+ Bxh6 38. Rxh6 Ne5+ 39. Kg2 Ng4 40. Rh4
Nxe3+ 41. fxe3 Qd7 42. Nc4 Qd3 43. Qf1 Qxf1+ 44. Kxf1 Rb3 45. Ne5 Rxc3 46. Ke2
Ne6 47. Nd7 f6 48. e5 f5 49. Nb6 Rc2+ 50. Kd3 Rg2 51. Nd5 Kf7 52. Rh7+ Ng7 53.
Nxe7 Kxe7 54. Rxg7+ Ke6 55. e4 f4 56. Rg6+ Ke7 57. g4 f3 58. Rf6 f2 59. Kc4
Rxg4 1/2-1/2

[Event "DEN-chT 1415 53rd"]
[Site "Denmark"]
[Date "2014.10.26"]
[Round "2.1"]
[White "Cuenca Jimenez, Jose Fernando"]
[Black "Hector, Jonny"]
[Result "1-0"]
[WhiteElo "2476"]
[BlackElo "2488"]
[PlyCount "87"]
[EventDate "2014.10.25"]
[EventType "team-tourn"]
[EventRounds "9"]
[EventCountry "DEN"]
[SourceTitle "EXT 2016"]
[Source "ChessBase"]
[SourceDate "2015.10.08"]
[SourceVersion "1"]
[SourceVersionDate "2015.10.08"]
[SourceQuality "1"]
[WhiteTeam "Aarhus/Skolerne"]
[BlackTeam "Nordkalotten"]
[WhiteTeamCountry "DEN"]
[BlackTeamCountry "DEN"]

1. e4 e5 2. Nf3 Nc6 3. Bb5 a6 4. Ba4 Nf6 5. O-O Be7 6. d3 b5 7. Bb3 O-O 8. Nc3
Rb8 9. a3 d6 10. h3 Na5 11. Ba2 c5 12. Nd5 Bb7 13. b4 Nc6 14. c3 a5 15. a4 axb4
16. axb5 Na7 17. Nxe7+ Qxe7 18. Bxf7+ Rxf7 19. Rxa7 bxc3 20. Ng5 Rff8 21. Qb3+
Kh8 22. Qxc3 h6 23. Nf3 Qe8 24. Qa5 Qe6 25. Nh4 Rfc8 26. Nf5 d5 27. f4 dxe4 28.
fxe5 Qxe5 29. Bf4 Qxf5 30. Bxb8 Qd5 31. dxe4 Qd4+ 32. Kh1 Bxe4 33. Bf4 Nh5 34.
Qa1 Qd3 35. Kh2 Qe2 36. Ra2 Qxb5 37. Be5 Qe8 38. g4 c4 39. gxh5 c3 40. Bxc3 Rc7
41. Be5 Re7 42. Bg3 Qxh5 43. Qd1 Qb5 44. Qd8+ 1-0

[Event "SWE-chT 1415 Elite"]
[Site "Sweden"]
[Date "2014.11.21"]
[Round "1"]
[White "Cuenca Jimenez, Jose Fernando"]
[Black "Livner, Anders"]
[Result "1/2-1/2"]
[WhiteElo "2483"]
[BlackElo "2320"]
[PlyCount "87"]
[EventDate "2014.11.21"]
[EventType "team-tourn"]
[EventRounds "9"]
[EventCountry "SWE"]
[SourceTitle "EXT 2016"]
[Source "ChessBase"]
[SourceDate "2015.10.08"]
[SourceVersion "1"]
[SourceVersionDate "2015.10.08"]
[SourceQuality "1"]
[WhiteTeam "Lunds"]
[BlackTeam "Farsta"]
[WhiteTeamCountry "SWE"]
[BlackTeamCountry "SWE"]

1. e4 c6 2. c4 d5 3. exd5 cxd5 4. cxd5 Nf6 5. Nc3 Nxd5 6. Nf3 Nc6 7. Bb5 e6 8.
O-O Be7 9. d4 O-O 10. Re1 Bd7 11. Bd3 Rc8 12. a3 Nxc3 13. bxc3 Bf6 14. h4 Ne7
15. Bd2 Bc6 16. Ne5 Bxe5 17. Rxe5 Nf5 18. Qg4 Rc7 19. h5 Rd7 20. Bxf5 exf5 21.
Rxf5 f6 22. Rf4 Re8 23. c4 b5 24. d5 Bb7 25. Bc3 Rf7 26. Rd1 bxc4 27. Rxc4 Bxd5
28. Rc5 Rd7 29. Ba5 Be6 30. Rxd7 Qxd7 31. Qg3 Rc8 32. Rxc8+ Qxc8 33. Bd2 Qc2
34. Qb8+ Bc8 35. Kh2 Qf5 36. Kg1 Qc2 37. Be1 a6 38. f3 h6 39. Bg3 Kh7 40. Qd6
Qb1+ 41. Kf2 Qc2+ 42. Kg1 Qb1+ 43. Kf2 Qc2+ 44. Kg1 1/2-1/2

[Event "SWE-chT 1415 Elite"]
[Site "Sweden"]
[Date "2014.11.22"]
[Round "2"]
[White "Lyrberg, Patrik"]
[Black "Cuenca Jimenez, Jose Fernando"]
[Result "1-0"]
[WhiteElo "2459"]
[BlackElo "2483"]
[PlyCount "85"]
[EventDate "2014.11.21"]
[EventType "team-tourn"]
[EventRounds "9"]
[EventCountry "SWE"]
[SourceTitle "EXT 2016"]
[Source "ChessBase"]
[SourceDate "2015.10.08"]
[SourceVersion "1"]
[SourceVersionDate "2015.10.08"]
[SourceQuality "1"]
[WhiteTeam "Kungstornet"]
[BlackTeam "Lunds"]
[WhiteTeamCountry "SWE"]
[BlackTeamCountry "SWE"]

1. Nf3 Nf6 2. g3 g6 3. Bg2 Bg7 4. d3 d5 5. O-O O-O 6. Nc3 c5 7. e4 d4 8. Na4
Nfd7 9. c4 dxc3 10. Nxc3 Nc6 11. Be3 Nd4 12. Rc1 Nxf3+ 13. Bxf3 b6 14. d4 cxd4
15. Bxd4 Ne5 16. Bxe5 Bxe5 17. Qe2 e6 18. Bg2 Bb7 19. Rfd1 Qf6 20. f4 Bd4+ 21.
Kh1 e5 22. Qd2 Rad8 23. Nd5 Qd6 24. f5 Rc8 25. Rxc8 Rxc8 26. Rf1 Bxd5 27. exd5
Qe7 28. Be4 Qf6 29. h4 Bc5 30. Kg2 Qd8 31. fxg6 hxg6 32. h5 g5 33. Qd1 Qe7 34.
Qg4 Rf8 35. Qf5 f6 36. h6 Kh8 37. Rc1 a5 38. a3 a4 39. Rc4 g4 40. Bd3 Be3 41.
d6 Qf7 42. Rc7 Qd5+ 43. Kh2 1-0

[Event "SWE-chT 1415 Elite"]
[Site "Sweden"]
[Date "2014.11.23"]
[Round "3"]
[White "Cuenca Jimenez, Jose Fernando"]
[Black "Karlsson, Tomas"]
[Result "1-0"]
[WhiteElo "2483"]
[BlackElo "2264"]
[PlyCount "77"]
[EventDate "2014.11.21"]
[EventType "team-tourn"]
[EventRounds "9"]
[EventCountry "SWE"]
[SourceTitle "EXT 2016"]
[Source "ChessBase"]
[SourceDate "2015.10.08"]
[SourceVersion "1"]
[SourceVersionDate "2015.10.08"]
[SourceQuality "1"]
[WhiteTeam "Lunds"]
[BlackTeam "Solna"]
[WhiteTeamCountry "SWE"]
[BlackTeamCountry "SWE"]

1. c4 e6 2. Nf3 Nf6 3. g3 d5 4. b3 Be7 5. Bg2 O-O 6. O-O c5 7. e3 Nc6 8. Bb2
Qc7 9. Nc3 dxc4 10. bxc4 a6 11. Qe2 Rb8 12. a4 b6 13. Rad1 Rd8 14. Ne1 Bb7 15.
f4 Nb4 16. Bxb7 Qxb7 17. d3 Nc6 18. g4 Nd7 19. g5 Nf8 20. Ne4 b5 21. axb5 axb5
22. cxb5 Qxb5 23. Ba1 Nb4 24. Rf3 Nd5 25. Rg3 Qe8 26. Nf6+ Bxf6 27. gxf6 g6 28.
Be5 Rb3 29. e4 Nc3 30. Qc2 Nxe4 31. Qxb3 Nxg3 32. hxg3 Qc6 33. Qc2 Nd7 34. Bc3
Rc8 35. Qg2 Qd6 36. Ra1 Qb8 37. Nc2 e5 38. Qh3 exf4 39. Qh6 1-0

[Event "SWE-chT 1415 Elite"]
[Site "Sweden"]
[Date "2015.01.17"]
[Round "4"]
[White "Cuenca Jimenez, Jose Fernando"]
[Black "Ornstein, Axel"]
[Result "1/2-1/2"]
[WhiteElo "2483"]
[BlackElo "2329"]
[PlyCount "98"]
[EventDate "2014.11.21"]
[EventType "team-tourn"]
[EventRounds "9"]
[EventCountry "SWE"]
[SourceTitle "EXT 2016"]
[Source "ChessBase"]
[SourceDate "2015.10.08"]
[SourceVersion "1"]
[SourceVersionDate "2015.10.08"]
[SourceQuality "1"]
[WhiteTeam "Lunds"]
[BlackTeam "Eksjo"]
[WhiteTeamCountry "SWE"]
[BlackTeamCountry "SWE"]

1. e4 e5 2. Nf3 Nc6 3. Bb5 a6 4. Ba4 Nf6 5. O-O Be7 6. d3 b5 7. Bb3 d6 8. a3
O-O 9. Nc3 Bg4 10. Be3 Qd7 11. Nd5 Nxd5 12. Bxd5 Rae8 13. Bxc6 Qxc6 14. Nxe5
dxe5 15. Qxg4 Qxc2 16. Rac1 Qxb2 17. Bh6 Bf6 18. Rc6 Re6 19. Rxe6 fxe6 20.
Qxe6+ Kh8 21. Bc1 Qd4 22. Qxa6 Qxd3 23. a4 Qxe4 24. Qxb5 c6 25. Qc5 Ra8 26. a5
Qd5 27. Qxd5 cxd5 28. Bd2 Kg8 29. Rb1 Kf7 30. Kf1 Ke6 31. f3 Kd6 32. Ke2 Bd8
33. Kd3 Kc6 34. Ra1 Kb5 35. Rb1+ Kc6 36. Bc3 d4 37. Bd2 Bxa5 38. Ra1 Kb6 39.
Rb1+ Kc6 40. Ra1 Kb6 41. Rxa5 Rxa5 42. Bxa5+ Kxa5 43. f4 Kb5 44. fxe5 Kc5 45.
Ke4 d3 46. Kxd3 Kd5 47. e6 Kxe6 48. Ke4 Kf6 49. Kf4 Ke6 1/2-1/2

[Event "SWE-chT 1415 Elite"]
[Site "Sweden"]
[Date "2015.01.31"]
[Round "6"]
[White "Fransson, Patrick"]
[Black "Cuenca Jimenez, Jose Fernando"]
[Result "0-1"]
[WhiteElo "2130"]
[BlackElo "2483"]
[PlyCount "92"]
[EventDate "2014.11.21"]
[EventType "team-tourn"]
[EventRounds "9"]
[EventCountry "SWE"]
[SourceTitle "EXT 2016"]
[Source "ChessBase"]
[SourceDate "2015.10.08"]
[SourceVersion "1"]
[SourceVersionDate "2015.10.08"]
[SourceQuality "1"]
[WhiteTeam "Orgryte"]
[BlackTeam "Lunds"]
[WhiteTeamCountry "SWE"]
[BlackTeamCountry "SWE"]

1. d4 d6 2. c4 Nf6 3. Nc3 g6 4. e4 Bg7 5. f3 O-O 6. Be3 c5 7. Nge2 Nc6 8. Qd2
Qa5 9. dxc5 dxc5 10. Nd5 Qxd2+ 11. Bxd2 Nxd5 12. exd5 Nb4 13. Bxb4 cxb4 14.
O-O-O Bf5 15. f4 Rfc8 16. Ng3 Bg4 17. Rd2 b5 18. h3 Bd7 19. b3 a5 20. Rc2 Bh6
21. Ne4 Bxf4+ 22. Kd1 Bf5 23. Bd3 bxc4 24. bxc4 a4 25. Ke2 b3 26. axb3 axb3 27.
Rb2 Bxe4 28. Bxe4 Rxc4 29. Kf3 Raa4 30. Re1 Rab4 31. Kxf4 f5 32. Kf3 fxe4+ 33.
Kf4 Rc2 34. Rbb1 Rxg2 35. Ke5 Kg7 36. Ke6 Rd2 37. Re3 b2 38. Kxe7 Rxd5 39. Re2
Rd3 40. Rh2 Rbb3 41. h4 Rh3 42. Rf2 Rxh4 43. Rf7+ Kh6 44. Kd6 e3 45. Re7 Rh2
46. Re4 Rc3 0-1

[Event "SWE-chT 1415 Elite"]
[Site "Sweden"]
[Date "2015.03.21"]
[Round "8.1"]
[White "Cuenca Jimenez, Jose Fernando"]
[Black "Hermansson, Emil"]
[Result "1/2-1/2"]
[WhiteElo "2483"]
[BlackElo "2435"]
[PlyCount "83"]
[EventDate "2014.11.21"]
[EventType "team-tourn"]
[EventRounds "9"]
[EventCountry "SWE"]
[SourceTitle "EXT 2016"]
[Source "ChessBase"]
[SourceDate "2015.10.08"]
[SourceVersion "1"]
[SourceVersionDate "2015.10.08"]
[SourceQuality "1"]
[WhiteTeam "Lunds"]
[BlackTeam "Stockholm Rockaden"]
[WhiteTeamCountry "SWE"]
[BlackTeamCountry "SWE"]

1. e4 c5 2. Nc3 d6 3. f4 g6 4. Nf3 Bg7 5. Bb5+ Nd7 6. a4 e6 7. O-O Ne7 8. d3
O-O 9. f5 exf5 10. Qe1 fxe4 11. dxe4 a6 12. Bc4 Nb6 13. Ba2 Be6 14. Bxe6 fxe6
15. Bg5 h6 16. Qh4 Rxf3 17. Rxf3 hxg5 18. Qxg5 Qd7 19. Raf1 Rf8 20. Rxf8+ Bxf8
21. Qf6 Bg7 22. Qf7+ Kh7 23. Rf6 Kh8 24. Rxe6 Ng8 25. Qxg6 Bd4+ 26. Kh1 Nc4 27.
Nd5 Ne5 28. Qh5+ Kg7 29. Qg5+ Kh8 30. Qh5+ Kg7 31. Re8 Nf7 32. Rb8 Qxa4 33.
Qg4+ Kh6 34. Qd1 Nf6 35. Nxf6 Bxf6 36. Rxb7 Ng5 37. Qf1 Nxe4 38. Qf4+ Kg6 39.
Qg4+ Kh6 40. Qf4+ Kg6 41. Qg4+ Kh6 42. Qf4+ 1/2-1/2

[Event "SWE-chT 1415 Elite"]
[Site "Sweden"]
[Date "2015.03.22"]
[Round "9.4"]
[White "Cuenca Jimenez, Jose Fernando"]
[Black "Pohjala, Henri"]
[Result "1-0"]
[WhiteElo "2483"]
[BlackElo "2408"]
[PlyCount "153"]
[EventDate "2014.11.21"]
[EventType "team-tourn"]
[EventRounds "9"]
[EventCountry "SWE"]
[SourceTitle "EXT 2016"]
[Source "ChessBase"]
[SourceDate "2015.10.08"]
[SourceVersion "1"]
[SourceVersionDate "2015.10.08"]
[SourceQuality "1"]
[WhiteTeam "Lunds"]
[BlackTeam "Vasteras"]
[WhiteTeamCountry "SWE"]
[BlackTeamCountry "SWE"]

1. c4 c6 2. e4 e5 3. Nf3 d6 4. d4 Nd7 5. Nc3 Ngf6 6. Be2 Be7 7. O-O exd4 8.
Nxd4 Nc5 9. Qc2 a5 10. Rd1 Qc7 11. Bf4 O-O 12. Rd2 Re8 13. Rad1 Bf8 14. Bf3 a4
15. b4 axb3 16. Nxb3 Qb6 17. Bxd6 Bxd6 18. Rxd6 Qb4 19. Nxc5 Qxc5 20. Qb3 Qa5
21. Rb1 Be6 22. Qb4 Qxb4 23. Rxb4 Ra3 24. Rb3 Ra7 25. Be2 Nd7 26. a4 Nc5 27.
Rb4 Kf8 28. f4 f6 29. Kf2 Ke7 30. Rd2 Rea8 31. Ke3 Bc8 32. Bd1 Ra5 33. f5 Na6
34. Rb1 Ra7 35. Bc2 Bd7 36. g4 Be8 37. h4 Bf7 38. Rbd1 Be8 39. g5 Ra8 40. Rg1
Bf7 41. Rd4 Nb8 42. Rb1 R8a7 43. Rbd1 Ra8 44. Rd8 Be8 45. Ne2 Nd7 46. Rxa8 Rxa8
47. Rb1 Ra7 48. Kd4 Bf7 49. c5 Ne5 50. Nf4 Nf3+ 51. Ke3 Ne5 52. Rb4 Nd7 53. Nd3
Kd8 54. Kd4 Kc7 55. e5 fxe5+ 56. Nxe5 Nxe5 57. Kxe5 Ra8 58. Re4 Rd8 59. Kf4 Rd7
60. Re5 Kd8 61. f6 gxf6 62. gxf6 h6 63. Be4 Rd4 64. Re7 Bb3 65. Ke5 Rb4 66. a5
Ba2 67. a6 bxa6 68. Bxc6 Rc4 69. Rd7+ Kc8 70. Kd6 Rxh4 71. f7 Rf4 72. Bb7+ Kb8
73. Bd5 Bxd5 74. Kxd5 Kc8 75. Re7 Rf5+ 76. Kd4 Kd8 77. Re8+ 1-0